ბათუმის შოთა რუსთაველის სახელმწიფო უნივერსიტეტის ბიბლიოთეკა

მათემატიკური სტატისტიკა ბიზნესსა და ეკონომიკაში / (ბიბ.ჩანაწერი № 60606)

000 -ლიდერი
ფიქსირებული სიგრძის საკონტროლო ველი 01528nam a22002777a 4500
003 - საკონტროლო ნომრის იდენტიფიკატორი
საკონტროლო ველი Ge_BSU
005 - ბოლო ოპერაციის თარიღი და დრო
საკონტროლო ველი 20230920150942.0
008 - ფიქსირებული სიგრძის მონაცემთა ელემენტები - ზოგადი ინფორმაცია
ფიქსირებული სიგრძის საკონტროლო ველი 230920s2016 ge ||||| |||| 00| 0 geo d
020 ## - წიგნის საერთაშორისო სტანდარტული ნომერი
International Standard Book Number 9789941226991
041 ## - ენის კოდი
Language code of text/sound track or separate title geo
080 ## - უნივერსალური ათობითი კლასიფიკაციის ინდექსი
Universal Decimal Classification number 519.22+338.22 მ-15
245 ## - ცნობა სათაურის შესახებ
Title მათემატიკური სტატისტიკა ბიზნესსა და ეკონომიკაში /
Statement of responsibility, etc თ. შერვაშიძე, ზ. ქვათაძე, ა. კირთაძე, გ. ფანცულაია ; საქ. ტექნ. უნ-ტი.
264 ## - წარმოების, გამოცემის, დისტრიბუციის და სხვა ცნობები
გამოცემის, წარმოების, დისტრიბუციის... ადგილი თბილისი :
გამოცემის, წარმოების, დისტრიბუციის... სახელწოდება უნივერსალი,
გამოცემის, წარმოების, დისტრიბუციის... თარიღი 2016.
300 ## - ფიზიკური აღწერა
Extent 248 გვ. :
Other physical details ნახ., ცხრ. ;
Dimensions 20 სმ.
500 ## - ზოგადი შენიშვნა
General note საგნობრივი საძიებელი: გვ. 244-246.
504 ## - BIBLIOGRAPHY, ETC. NOTE
Bibliography, etc ბიბლიოგრ. : გვ. 242-243.
653 ## - INDEX TERM--UNCONTROLLED
Uncontrolled term მათემატიკური სტატისტიკა
653 ## - INDEX TERM--UNCONTROLLED
Uncontrolled term ალბათობის თეორია
653 ## - INDEX TERM--UNCONTROLLED
Uncontrolled term ბიზნესის ეკონომიკა.
700 ## - ADDED ENTRY--PERSONAL NAME
Personal name შერვაშიძე, თ.
Relator term ავტორი
9 (RLIN) 19849
700 ## - ADDED ENTRY--PERSONAL NAME
Personal name ქვათაძე, ზ.
Relator term ავტორი
9 (RLIN) 19850
700 ## - ADDED ENTRY--PERSONAL NAME
Personal name კირთაძე, ა.
Relator term ავტორი
9 (RLIN) 19851
700 ## - ADDED ENTRY--PERSONAL NAME
Personal name ფანცულაია, გ.
Relator term ავტორი
9 (RLIN) 19852
710 ## - ADDED ENTRY--CORPORATE NAME
Corporate name or jurisdiction name as entry element საქართველოს ტექნიკური უნივერსიტეტი
9 (RLIN) 19853
942 ## - ADDED ENTRY ELEMENTS (KOHA)
Source of classification or shelving scheme
Koha item type წიგნი
ეგზემპლარები
ჩამოწერის სტატუსი დაკარგული ეგზემპლარის სტატუსი კლასიფიკაციის წყარო ან თაროზე გაწყობის სქემა დაზიანების სტატუსი არ გაიცემა მუდმივი მდებარეობა (დაცვის ადგილი) ამჟამინდელი ადგილსამყოფელი თაროზე განთავსების ადგილი შეძენის თარიღი ღირებულება, შესყიდვის ნორმალური ფასი სრული შენახვის შიფრი შტრიხკოდი ბოლო ოპერაციის თარიღი ეგზემპლარის მიმდევრობითი ნომერი (კეტერი?) Uniform Resource Identifier ფასის ძალაში შესვლის თარიღი ეგზემპლარის სახეობა საჯარო შენიშვნა
          ბათუმის შოთა რუსთაველის სახელმწიფო უნივერსიტეტის მთავარი ბიბლიოთეკა ბათუმის შოთა რუსთაველის სახელმწიფო უნივერსიტეტის მთავარი ბიბლიოთეკა წიგნსაცავი 2023-09-20 12.00 519.22+338.22 მ-15 29736 2023-09-20 29736 ნაჩუქარი 2023-09-20 წიგნი 12 ლ.